Cybertext poetics :the critical landscape of new media literary theory / (Record no. 2430)

000 -LEADER
fixed length control field 01183cam a22003254a 4500
001 - CONTROL NUMBER
control field 16984091
003 - CONTROL NUMBER IDENTIFIER
control field OSt
005 - DATE AND TIME OF LATEST TRANSACTION
control field 20160721095337.0
008 - FIXED-LENGTH DATA ELEMENTS--GENERAL INFORMATION
fixed length control field 110930s2012 nyu b 001 0 eng
010 ## - LIBRARY OF CONGRESS CONTROL NUMBER
LC control number 2011038964
020 ## - INTERNATIONAL STANDARD BOOK NUMBER
International Standard Book Number 9781441107459 (pbk. : alk. paper)
040 ## - CATALOGING SOURCE
Original cataloging agency DLC
Transcribing agency DLC
050 00 - LIBRARY OF CONGRESS CALL NUMBER
Classification number PN56.T37E85 2012
082 00 - DEWEY DECIMAL CLASSIFICATION NUMBER
Classification number 809/.93356
Edition number 23
100 1# - MAIN ENTRY--PERSONAL NAME
Personal name Eskelinen, Markku.
245 10 - TITLE STATEMENT
Title Cybertext poetics :the critical landscape of new media literary theory /
Statement of responsibility, etc by Markku Eskelinen.
260 ## - PUBLICATION, DISTRIBUTION, ETC. (IMPRINT)
Place of publication, distribution, etc New York :
Name of publisher, distributor, etc Continuum,
Date of publication, distribution, etc c2012.
300 ## - PHYSICAL DESCRIPTION
Extent vi, 462 p. :
Other physical details ill. ;
Dimensions 22 cm.
490 0# - SERIES STATEMENT
Series statement International texts in critical media aesthetics ;
Volume number/sequential designation v. 2
504 ## - BIBLIOGRAPHY, ETC. NOTE
Bibliography, etc Includes bibliographical references (p. [388]-454) and index.
650 #0 - SUBJECT ADDED ENTRY--TOPICAL TERM
Topical term or geographic name as entry element Literature and technology.
650 #0 - SUBJECT ADDED ENTRY--TOPICAL TERM
Topical term or geographic name as entry element Digital media
General subdivision Social aspects.
650 #0 - SUBJECT ADDED ENTRY--TOPICAL TERM
Topical term or geographic name as entry element Literature and society.
650 #0 - SUBJECT ADDED ENTRY--TOPICAL TERM
Topical term or geographic name as entry element Communication and technology.
650 #0 - SUBJECT ADDED ENTRY--TOPICAL TERM
Topical term or geographic name as entry element Narration (Rhetoric)
906 ## - LOCAL DATA ELEMENT F, LDF (RLIN)
a 7
b cbc
c orignew
d 1
e ecip
f 20
g y-gencatlg
942 ## - ADDED ENTRY ELEMENTS (KOHA)
Source of classification or shelving scheme
Koha item type Book
Holdings
Withdrawn status Lost status Source of classification or shelving scheme Damaged status Not for loan Home library Current library Shelving location Date acquired Total Checkouts Full call number Barcode Date last seen Copy number Price effective from Koha item type
          Riara University Library Riara University Library General stack 21/07/2016   PN56.T37E85 2012 7435/16 21/07/2016 C.1 21/07/2016 Book

Riara University Library,
P.O. Box 49940-00100,
Nairobi, Kenya.